000 00551nam a2200193Ia 4500
005 20260120132113.0
008 008 260114s9999 xx 000 0 eng d
020 _a9781383045512
037 _aEBOOK
040 _aCRL
_beng
_cCRL
041 _aeng
_2eng
084 _qCRL
100 _aJohnston
_9934991
245 0 _aSecurity Over Receivables: An International Handbook
260 _bOxford University PressOxford University Press
_c2023
856 _uhttps://academic.oup.com/book/52558
942 _cEBOOK
999 _c1526914
_d1526914